[Event "Unterfranken-ch M1 46th"]
[Site "Karlburg"]
[Date "1995.??.??"]
[Round "?"]
[White "Degering, Florian"]
[Black "Fleckenstein, Klaus"]
[Result "1/2-1/2"]
[WhiteElo "1799"]
[BlackElo "1880"]
[PlyCount "87"]
[EventDate "1995.04.17"]
[EventType "swiss"]
[EventRounds "9"]
[EventCountry "GER"]
[SourceTitle "EXT 2004"]
[Source "ChessBase"]
[SourceDate "2003.11.25"]
[SourceVersion "1"]
[SourceVersionDate "2003.11.25"]
[SourceQuality "1"]

1. e4 d5 2. exd5 Nf6 3. Bb5+ Bd7 4. Bxd7+ Qxd7 5. c4 c6 6. dxc6 Nxc6 7. Ne2 Ne5 8. 0-0 Nxc4 9. b3 Nb6 10. d4 e6 11. Bb2 Rc8 12. Nd2 Bd6 13. Rc1 0-0 14. Nc4 Bc7 15. Qd3 Nbd5 16. Ba3 Rfd8 17. Rc2 Nf4 18. Nxf4 Bxf4 19. Bb2 b5 20. Na3 a6 21. g3 Bb8 22. Rfc1 Nd5 23. Rxc8 Rxc8 24. Rxc8+ Qxc8 25. Qc2 Qd7 26. Qd2 h6 27. Nc2 Qc6 28. Nb4 Nxb4 29. Qxb4 Bd6 30. Qa5 Bc7 31. Qc3 Qxc3 32. Bxc3 Kf8 33. Bb4+ Ke8 34. Kf1 g6 35. Ke2 Kd7 36. Kd3 Kc6 37. h3 Kd5 38. Bd2 h5 39. f4 g5 40. Bc1 gxf4 41. gxf4 Bd8 42. Bd2 Bf6 43. Bc3 Bh4 44. Bd2 1/2-1/2

[Event "Unterfranken-ch M1 46th"]
[Site "Karlburg"]
[Date "1995.??.??"]
[Round "?"]
[White "Fleckenstein, Klaus"]
[Black "Hock, Gerold"]
[Result "1/2-1/2"]
[WhiteElo "1880"]
[BlackElo "1824"]
[PlyCount "41"]
[EventDate "1995.04.17"]
[EventType "swiss"]
[EventRounds "9"]
[EventCountry "GER"]
[SourceTitle "EXT 2004"]
[Source "ChessBase"]
[SourceDate "2003.11.25"]
[SourceVersion "1"]
[SourceVersionDate "2003.11.25"]
[SourceQuality "1"]

1. d4 Nf6 2. Bg5 e6 3. e4 Be7 4. Nd2 d5 5. e5 Nfd7 6. Be3 c5 7. c3 Nc6 8. Ne2 b6 9. f4 Ba6 10. Ng3 Bxf1 11. Rxf1 Bh4 12. Rf3 Ne7 13. Bf2 Bxg3 14. Bxg3 f5 15. Bh4 0-0 16. Rh3 Qe8 17. Bxe7 Qxe7 18. Nf3 h6 19. Nh4 Rfc8 20. Nf3 a5 21. Kf1 1/2-1/2

[Event "Unterfranken-ch M1 46th"]
[Site "Karlburg"]
[Date "1995.??.??"]
[Round "?"]
[White "Poppe, Heiko"]
[Black "Fleckenstein, Klaus"]
[Result "1/2-1/2"]
[WhiteElo "1820"]
[BlackElo "1880"]
[PlyCount "48"]
[EventDate "1995.04.17"]
[EventType "swiss"]
[EventRounds "9"]
[EventCountry "GER"]
[SourceTitle "EXT 2004"]
[Source "ChessBase"]
[SourceDate "2003.11.25"]
[SourceVersion "1"]
[SourceVersionDate "2003.11.25"]
[SourceQuality "1"]

1. e4 c5 2. Nc3 d6 3. g3 Nf6 4. Bg2 Nc6 5. h3 a6 6. d3 Rb8 7. f4 e5 8. Be3 b5 9. Qd2 Be7 10. Nge2 Bb7 11. 0-0 Qd7 12. Nd5 Nd4 13. fxe5 dxe5 14. Nxe7 Qxe7 15. Nxd4 cxd4 16. Bg5 Bc8 17. Bxf6 gxf6 18. Qh6 Rb6 19. Rf2 Qf8 20. Qh4 Qg7 21. Raf1 Ke7 22. Bf3 Qg5 23. Qxg5 fxg5 24. Bg4 f6 1/2-1/2

[Event "Unterfranken-ch M1 46th"]
[Site "Karlburg"]
[Date "1995.??.??"]
[Round "?"]
[White "Schmitt, Guenther"]
[Black "Fleckenstein, Klaus"]
[Result "1-0"]
[WhiteElo "1998"]
[BlackElo "1880"]
[PlyCount "126"]
[EventDate "1995.04.17"]
[EventType "swiss"]
[EventRounds "9"]
[EventCountry "GER"]
[SourceTitle "EXT 2004"]
[Source "ChessBase"]
[SourceDate "2003.11.25"]
[SourceVersion "1"]
[SourceVersionDate "2003.11.25"]
[SourceQuality "1"]

1. d4 Nf6 2. e3 c5 3. c3 e6 4. f4 b6 5. Nf3 Ba6 6. Bxa6 Nxa6 7. 0-0 Nc7 8. Ne5 d6 9. Ng4 Be7 10. Nd2 0-0 11. Nxf6+ Bxf6 12. g4 e5 13. g5 Be7 14. h4 exf4 15. exf4 f5 16. Nf3 Qd7 17. Re1 Rae8 18. Qb3+ Kh8 19. Bd2 Bd8 20. Kf2 Rxe1 21. Rxe1 Re8 22. Qc2 Rxe1 23. Bxe1 Qe6 24. c4 Kg8 25. d5 Qd7 26. Bc3 Be7 27. h5 g6 28. Nh4 Kf7 29. Qe2 Bf8 30. h6 Be7 31. b3 Qd8 32. Nf3 Qd7 33. Ba1 Qe8 34. Qb2 Qf8 35. Nh4 Ne8 36. Qa3 a5 37. Qa4 Bd8 38. Qd7+ Qe7 39. Qxe7+ Bxe7 40. Ke2 Nc7 41. Kd3 Bd8 42. Bc3 Na6 43. a3 Nb8 44. Bd2 Bc7 45. Kc2 Bd8 46. b4 axb4 47. axb4 Na6 48. Kb3 Nc7 49. Ng2 Ke8 50. Ne3 Kf7 51. Ka4 Kf8 52. Bc3 Kf7 53. bxc5 bxc5 54. Ba5 Kf8 55. Bb6 Kf7 56. Ka5 Kf8 57. Nc2 Ke7 58. Na3 Kd7 59. Nb5 Nxb5 60. Kxb5 Be7 61. Ba5 Bf8 62. Kb6 Be7 63. Kb7 Bf8 1-0

[Event "Unterfranken-ch M1 46th"]
[Site "Karlburg"]
[Date "1995.??.??"]
[Round "?"]
[White "Sternheimer, Erhard"]
[Black "Fleckenstein, Klaus"]
[Result "1/2-1/2"]
[WhiteElo "2038"]
[BlackElo "1880"]
[PlyCount "40"]
[EventDate "1995.04.17"]
[EventType "swiss"]
[EventRounds "9"]
[EventCountry "GER"]
[SourceTitle "EXT 2004"]
[Source "ChessBase"]
[SourceDate "2003.11.25"]
[SourceVersion "1"]
[SourceVersionDate "2003.11.25"]
[SourceQuality "1"]

1. d4 Nf6 2. Nf3 e6 3. Bf4 d5 4. e3 Bd6 5. Bg3 0-0 6. Nbd2 c5 7. c3 b6 8. Ne5 Bxe5 9. dxe5 Nfd7 10. Nf3 Ba6 11. Bxa6 Nxa6 12. 0-0 c4 13. b4 cxb3 14. axb3 Nac5 15. c4 dxc4 16. bxc4 Ne4 17. Bh4 Qc7 18. Qc2 Ndc5 19. Rfd1 f5 20. exf6 Nxf6 1/2-1/2